Kalendár výročí osobností okresov Bánovce nad Bebravou, Myjava, Nové Mesto nad Váhom a Trenčín jubilujúcich v roku ...
| Other Authors: | , , , |
|---|---|
| Format: | Serial |
| Language: | Slovak |
| PhysicalDescription: | zv. 20-29 cm |
| Published: |
Trenčín
Štátna krajská knižnica Michala Rešetku
1998-
Trenčín Verejná knižnica Michala Rešetku |
| ISBN: | 9788085135367 (brož. : r. 2011) 9788085135398 (brož. : r. 2012) 9788085135404 (brož. : r. 2013) 9788085135428 (brož. : r. 2014) 9788085135466 (brož. : r. 2015) 9788085135534 (brož. : r. 2016) 9788085135558 (brož. : r. 2017) 9788085135602 (brož. : r. 2018) 9788085135633 (brož. : r. 2019) 9788085135664 (brož. : r. 2020) 9788085135695 (brož. : r. 2021) 9788085135701 (brož. : r. 2022) 9788085135732 (brož. : r. 2023) 9788085135749 (brož. : r. 2024) 9788085135763 (brož. : r. 2025) 9788085135787 (brož. : r. 2026) |
| Subjects: | |
| Online Access: | http://www.vkmr.sk/regio-kniznica/kalendar-vyroci-trencianskeho-regionu.html?page_id=5297 |
MARC
| LEADER | 00000cas a2200000 a 4500 | ||
|---|---|---|---|
| 001 | vtls001357201 | ||
| 005 | 20260507140205.0 | ||
| 008 | 180117c19989999xo ar 0 0b0slo | ||
| 015 | |a SNBSAB1998-00087 (r. 1998) |a SNBSAB2000-00137 (r. 1999) |a SNBSAB2000-00195 (r. 2000) |a SNBSAB2002-00157 (r. 2001) |a SNBSAB2006 |a SNBSAB2007 |a SNBSAB2008 |a SNBSAB2009 |a SNBSAB2010 |a SNBSAB2011-00075 (r. 2011) |a SNBSAB2012 |a SNBSAB2013 |a SNBSAB2014 |a SNBSAB2015 |a SNBSAB2016 |a SNBSAB2018 |a SNBSAB2019 |a SNBSAB2021 |a SNBSAB2023 |a SNBSAB2024 |a SNBSAB2025 |a SNBSAB2026 | ||
| 015 | |a SNBB1999-(r. 1999) |a SNBB2001-(r. 2000, r. 2001) |a SNBB2003-(r. 2002) |a SNBB2012-(r. 2012) |a SNBB2017-(r. 2007, r. 2008, r. 2009, r. 2010, r. 2011, r. 2013, r. 2014, r. 2015, r. 2017) |a SNBB2025-(r. 2016, r. 2018, r. 2019, r. 2020, r. 2021, r. 2022, r. 2023, r. 2024, r. 2025) |a SNBB2026-(r. 2026) | ||
| 020 | |a 9788085135367 (brož. : r. 2011) | ||
| 020 | |a 9788085135398 (brož. : r. 2012) | ||
| 020 | |a 9788085135404 (brož. : r. 2013) | ||
| 020 | |a 9788085135428 (brož. : r. 2014) | ||
| 020 | |a 9788085135466 (brož. : r. 2015) | ||
| 020 | |a 9788085135534 (brož. : r. 2016) | ||
| 020 | |a 9788085135558 (brož. : r. 2017) | ||
| 020 | |a 9788085135602 (brož. : r. 2018) | ||
| 020 | |a 9788085135633 (brož. : r. 2019) | ||
| 020 | |a 9788085135664 (brož. : r. 2020) | ||
| 020 | |a 9788085135695 (brož. : r. 2021) | ||
| 020 | |a 9788085135701 (brož. : r. 2022) | ||
| 020 | |a 9788085135732 (brož. : r. 2023) | ||
| 020 | |a 9788085135749 (brož. : r. 2024) | ||
| 020 | |a 9788085135763 (brož. : r. 2025) | ||
| 020 | |a 9788085135787 (brož. : r. 2026) | ||
| 035 | |a SNK000310694 | ||
| 040 | |a SNK |b slo |c SNK |e AACR2 | ||
| 041 | 0 | |a slo | |
| 043 | |a e-xo--- | ||
| 044 | |a xo |c SK | ||
| 072 | 7 | |a 929 |x Biografie |2 konspekt | |
| 072 | 7 | |a 01 |x Bibliografia. Katalógy |2 konspekt | |
| 080 | |a 929-058.1 |2 2011 | ||
| 080 | |a 394.46 |2 2011 | ||
| 080 | |a 015 |2 2011 | ||
| 080 | |a (092) |2 2011 | ||
| 080 | |a (437.613) |2 2011 | ||
| 080 | |a (437.641) |2 2011 | ||
| 080 | |a 929 |2 2011 | ||
| 100 | 1 | |a Strohnerová, Ľudmila, |d 1952-2006 |4 com |9 37890 | |
| 245 | 1 | 0 | |a Kalendár výročí osobností okresov Bánovce nad Bebravou, Myjava, Nové Mesto nad Váhom a Trenčín jubilujúcich v roku ... |c [zostavila: Ľudmila Strohnerová] |
| 246 | 1 | 3 | |a Kalendár výročí osobností jubilujúcich v roku ... v okresoch Bánovce nad Bebravou, Myjava, Nové Mesto nad Váhom a Trenčín |f 2000 |
| 246 | 1 | 3 | |a Kalendár výročí osobností a udalostí v okresoch Bánovce nad Bebravou, Myjava, Nové Mesto nad Váhom a Trenčín v roku ... |f 2001-2009, 2013, 2018, 2022-2023 |
| 246 | 1 | 3 | |a Kalendár výročí jubilujúcich osobností okresov Bánovce nad Bebravou, Myjava, Nové Mesto nad Váhom a Trenčín v roku ... |f 2010 |
| 246 | 1 | 3 | |a Kalendár výročí osobností a udalostí okresov Bánovce nad Bebravou, Myjava, Nové Mesto nad Váhom a Trenčín v roku ... |f 2011, 2014, 2016-2017, 2019, 2021, 2024, 2026 |
| 246 | 1 | 3 | |a Kalendár výročí jubilujúcich osobností a udalostí okresov Bánovce nad Bebravou, Myjava, Nové Mesto nad Váhom a Trenčín v roku ... |f 2015, 2020, 2025 |
| 260 | |a Trenčín |b Štátna krajská knižnica Michala Rešetku |c 1998- | ||
| 260 | 3 | |3 2007- |a Trenčín |b Verejná knižnica Michala Rešetku | |
| 300 | |a zv. |c 20-29 cm | ||
| 310 | |a 1x ročne | ||
| 362 | 0 | |a 1999- | |
| 500 | |a Súčasťou názvu je označenie bežného roku | ||
| 500 | |a Názov z obalu | ||
| 500 | |a Zost. : 1999-?, Ľudmila Strohnerová ; 2008, Katarína Švajdleníková ; 2009, Eva Struhárová ; 2010-, Petra Dombaiová | ||
| 500 | |a Od r. 2000 rozmer zv. 20 cm | ||
| 500 | |a Popis podľa: R. 1999 (vydané v r. 1998) | ||
| 504 | |a Registre | ||
| 650 | 0 | 7 | |a jubileá |2 SNKPH |9 29624 |
| 650 | 0 | 7 | |a osobnosti |2 SNKPH |9 29820 |
| 650 | 0 | 7 | |a výročia a významné udalosti |2 SNKPH |9 16069 |
| 650 | 0 | 7 | |a Celebrities |2 SNKPHeng |9 265203 |
| 650 | 0 | 7 | |a Anniversary |2 SNKPHeng |9 265204 |
| 650 | 0 | 7 | |a Anniversaries and special events |2 SNKPHeng |9 265185 |
| 651 | 7 | |a Bánovce nad Bebravou (Slovensko : okres) |2 SNKPH |9 84509 | |
| 651 | 7 | |a Nové Mesto nad Váhom (Slovensko : okres) |2 SNKPH |9 164731 | |
| 651 | 7 | |a Bánovce nad Bebravou (Slovakia : district) |2 SNKPHeng |9 265205 | |
| 651 | 7 | |a Nové Mesto nad Váhom (Slovakia : district) |2 SNKPHeng |9 265206 | |
| 651 | 7 | |a Myjava (Slovakia : district) |2 SNKPHeng |9 265207 | |
| 651 | 7 | |a Trenčín (Slovakia : district) |2 SNKPHeng |9 169317 | |
| 651 | 7 | |a Myjava (Slovensko : okres) |2 SNKPH |9 15013 | |
| 651 | 7 | |a Trenčín (Slovensko : okres) |2 SNKPH |9 75018 | |
| 655 | 7 | |a kalendáriá |2 SNKPH |9 73769 | |
| 655 | 7 | |a regionálne bibliografie |2 SNKPH |9 70484 | |
| 655 | 7 | |a Calendars |2 SNKPHeng |9 265208 | |
| 655 | 7 | |a Regional bibliographies |2 SNKPHeng |9 265209 | |
| 700 | 1 | |a Švajdleníková, Katarína |4 com |9 265210 | |
| 700 | 1 | |a Struhárová, Eva, |d 1959- |4 com |9 164306 | |
| 700 | 1 | |a Dombaiová, Petra, |d 1977- |4 com |9 252952 | |
| 710 | 2 | |a Verejná knižnica Michala Rešetku v Trenčíne |4 pbl |9 81442 | |
| 856 | 4 | 0 | |u http://www.vkmr.sk/regio-kniznica/kalendar-vyroci-trencianskeho-regionu.html?page_id=5297 |
| 919 | |a 978-80-85135-36-7 | ||
| 919 | |a 978-80-85135-39-8 | ||
| 919 | |a 978-80-85135-40-4 | ||
| 919 | |a 978-80-85135-42-8 | ||
| 919 | |a 978-80-85135-46-6 | ||
| 919 | |a 978-80-85135-53-4 | ||
| 919 | |a 978-80-85135-55-8 | ||
| 919 | |a 978-80-85135-60-2 | ||
| 919 | |a 978-80-85135-63-3 | ||
| 919 | |a 978-80-85135-66-4 | ||
| 919 | |a 978-80-85135-69-5 | ||
| 919 | |a 978-80-85135-70-1 | ||
| 919 | |a 978-80-85135-73-2 | ||
| 919 | |a 978-80-85135-74-9 | ||
| 919 | |a 978-80-85135-76-3 | ||
| 919 | |a 978-80-85135-78-7 | ||
| 958 | |a BX | ||
| 958 | |a NB | ||
| 958 | |a RG | ||
| 999 | |c 309 |d 309 | ||
| 952 | |a SNK |b SNK |y PREZ |7 0 |p 17A1556064 |o snkČSB 4821/2016 |i snk2025/8111 |8 0 |z Vydané v r. 2015 |0 0 |1 0 |4 0 |d 2025-05-21 |l 0 |r 2026-02-21 19:58:12 |w 2026-02-21 | ||
| 952 | |a SNK |b SNK |y PREZ |7 0 |p 17A1556065 |o snkČSB 4821/2016 D1 |i snk2025/8112 |8 0 |z Vydané v r. 2015 |0 0 |1 0 |4 0 |d 2025-05-21 |l 0 |r 2026-02-21 19:58:12 |w 2026-02-21 | ||
| 952 | |a SNK |b SNK |y PREZ |7 0 |p 17A1556066 |o snkČSB 4821/2018 |i snk2025/8114 |8 0 |0 0 |1 0 |4 0 |d 2025-05-21 |l 0 |r 2026-02-21 19:58:12 |w 2026-02-21 | ||
| 952 | |a SNK |b SNK |y PREZ |7 0 |p 17A1556067 |o snkČSB 4821/2018 D1 |i snk2025/8115 |8 0 |0 0 |1 0 |4 0 |d 2025-05-21 |l 0 |r 2026-02-21 19:58:12 |w 2026-02-21 | ||
| 952 | |a SNK |b SNK |y PREZ |7 0 |p 17A1556068 |o snkČSB 4821/2019 |i snk2025/8116 |8 0 |0 0 |1 0 |4 0 |d 2025-05-21 |l 0 |r 2026-02-21 19:58:12 |w 2026-02-21 | ||
| 952 | |a SNK |b SNK |y PREZ |7 0 |p 17A1556069 |o snkČSB 4821/2019 D1 |i snk2025/8117 |8 0 |0 0 |1 0 |4 0 |d 2025-05-21 |l 0 |r 2026-02-21 19:58:12 |w 2026-02-21 | ||
| 952 | |a SNK |b SNK |y PREZ |7 0 |p 17A1556070 |o snkČSB 4821/2020 |i snk2025/8118 |8 0 |z Vydané v r. 2019 |0 0 |1 0 |4 0 |d 2025-05-21 |l 0 |r 2026-02-21 19:58:12 |w 2026-02-21 | ||
| 952 | |a SNK |b SNK |y PREZ |7 0 |p 17A1556071 |o snkČSB 4821/2020 D1 |i snk2025/8120 |8 0 |z Vydané v r. 2019 |0 0 |1 0 |4 0 |d 2025-05-21 |l 0 |r 2026-02-21 19:58:13 |w 2026-02-21 | ||
| 952 | |a SNK |b SNK |y PREZ |7 0 |p 17A1556072 |o snkČSB 4821/2021 |i snk2025/8122 |8 0 |0 0 |1 0 |4 0 |d 2025-05-21 |l 0 |r 2026-02-21 19:58:13 |w 2026-02-21 | ||
| 952 | |a SNK |b SNK |y PREZ |7 0 |p 17A1556073 |o snkČSB 4821/2021 D1 |i snk2025/8123 |8 0 |0 0 |1 0 |4 0 |d 2025-05-21 |l 0 |r 2026-02-21 19:58:13 |w 2026-02-21 | ||
| 952 | |a SNK |b SNK |y PREZ |7 0 |p 17A1556074 |o snkČSB 4821/2022 |i snk2025/8124 |8 0 |z Vydané v r. 2021 |0 0 |1 0 |4 0 |d 2025-05-21 |l 0 |r 2026-02-21 19:58:13 |w 2026-02-21 | ||
| 952 | |a SNK |b SNK |y PREZ |7 0 |p 17A1556075 |o snkČSB 4821/2022 D1 |i snk2025/8125 |8 0 |z Vydané v r. 2021 |0 0 |1 0 |4 0 |d 2025-05-21 |l 0 |r 2026-02-21 19:58:13 |w 2026-02-21 | ||
| 952 | |a SNK |b SNK |y PREZ |7 0 |p 17A1556076 |o snkČSB 4821/2023 |i snk2025/8126 |8 0 |0 0 |1 0 |4 0 |d 2025-05-21 |l 0 |r 2026-02-21 19:58:13 |w 2026-02-21 | ||
| 952 | |a SNK |b SNK |y PREZ |7 0 |p 17A1556077 |o snkČSB 4821/2023 D1 |i snk2025/8127 |8 0 |0 0 |1 0 |4 0 |d 2025-05-21 |l 0 |r 2026-02-21 19:58:13 |w 2026-02-21 | ||
| 952 | |a SNK |b SNK |y PREZ |7 0 |p 17A1556078 |o snkČSB 4821/2024 |i snk2025/8129 |8 0 |0 0 |1 0 |4 0 |d 2025-05-21 |l 0 |r 2026-02-21 19:58:13 |w 2026-02-21 | ||
| 952 | |a SNK |b SNK |y PREZ |7 0 |p 17A1556079 |o snkČSB 4821/2024 D1 |i snk2025/8130 |8 0 |0 0 |1 0 |4 0 |d 2025-05-21 |l 0 |r 2026-02-21 19:58:13 |w 2026-02-21 | ||
| 952 | |a SNK |b SNK |y PREZ |7 0 |p 17A1556080 |o snkČSB 4821/2025 |i snk2025/8131 |8 0 |0 0 |1 0 |4 0 |d 2025-05-21 |l 0 |r 2026-02-21 19:58:13 |w 2026-02-21 | ||
| 952 | |a SNK |b SNK |y PREZ |7 0 |p 17A1556081 |o snkČSB 4821/2025 D1 |i snk2025/8132 |8 0 |0 0 |1 0 |4 0 |d 2025-05-21 |l 0 |r 2026-02-21 19:58:13 |w 2026-02-21 | ||
| 952 | |a SNK |b SNK |y PREZ |7 0 |p 17A0375862 |o snkČSB 4821/2002 |i snkKSP 3010/2003 |z Vydané v r. 2001 |0 0 |1 0 |4 0 |d 2003-02-26 |l 0 |r 2005-01-02 00:00:00 |w 2026-02-21 | ||
| 952 | |a SNK |b SNK |y PREZ |7 0 |p 17A0886476 |o snkČSB 4821/2012 |i snk2012/8130 |8 0 |z Vydané v r. 2011 |0 0 |1 0 |4 0 |d 2012-04-20 |l 0 |r 2017-06-30 00:00:00 |w 2026-02-21 | ||
| 952 | |a SNK |b SNK |y PREZ |7 0 |p 17A0886475 |o snkČSB 4821/2012 D1 |i snk2012/8131 |8 0 |z Vydané v r. 2011 |0 0 |1 0 |4 0 |d 2012-04-20 |l 0 |r 2017-06-30 00:00:00 |w 2026-02-21 | ||
| 952 | |a SNK |b SNK |y PREZ |7 0 |p 17A0293127 |o snkČSB 4821/2000 |i snkKSP 3806/2001 |z Vydané v r. 1999 |0 0 |1 0 |4 0 |d 2001-03-14 |l 0 |r 2005-01-02 00:00:00 |w 2026-02-21 | ||
| 952 | |a SNK |b SNK |y PREZ |7 0 |p 17A0293128 |o snkČSB 4821/2000 D1 |i snkKSP 3807/2001 |z Vydané v r. 1999 |0 0 |1 0 |4 0 |d 2001-03-14 |l 0 |r 2005-01-02 00:00:00 |w 2026-02-21 | ||
| 952 | |a SNK |b SNK |y PREZ |7 0 |p 17A0302151 |o snkČSB 4821/2001 |i snkKSP 6822/2001 |z Vydané v r. 2000 |0 0 |1 0 |4 0 |d 2001-06-01 |l 0 |r 2005-01-02 00:00:00 |w 2026-02-21 | ||
| 952 | |a SNK |b SNK |y PREZ |7 0 |p 17A0193960 |o snkČSB 4821/1999 |i snkKSP 2662/99 |z Vydané v r. 1998 |0 0 |1 0 |4 0 |d 1999-03-11 |l 0 |r 2005-01-02 00:00:00 |w 2026-02-21 | ||
| 952 | |a SNK |b SNK |y PREZ |7 0 |p 17A0183854 |o snkČSB 4821/1999 D1 |i snkKSP 2663/99 |z Vydané v r. 1998 |0 0 |1 0 |4 0 |d 1999-03-11 |l 0 |r 2005-01-02 00:00:00 |w 2026-02-21 | ||
| 952 | |a SNK |b SNK |y PREZ |7 0 |p 17A0375861 |o snkČSB 4821/2002 D1 |i snkKSP 3011/2003 |z Vydané v r. 2001 |0 0 |1 0 |4 0 |d 2003-02-26 |l 0 |r 2005-01-02 00:00:00 |w 2026-02-21 | ||
| 952 | |a SNK |b SNK |y PREZ |7 0 |p 17A1266063 |o snkČSB 4821/2007 |i snk2017/8016 |8 0 |z Vydané v r. 2006 |0 0 |1 0 |4 0 |d 2018-01-04 |l 0 |r 2026-02-21 22:26:03 |w 2026-02-21 | ||
| 952 | |a SNK |b SNK |y PREZ |7 0 |p 17A1266064 |o snkČSB 4821/2007 D1 |i snk2017/8075 |8 0 |z Vydané v r. 2006 |0 0 |1 0 |4 0 |d 2018-01-04 |l 0 |r 2026-02-21 22:26:03 |w 2026-02-21 | ||
| 952 | |a SNK |b SNK |y PREZ |7 0 |p 17A1266065 |o snkČSB 4821/2008 |i snk2017/8241 |8 0 |z Vydané v r. 2007 |0 0 |1 0 |4 0 |d 2018-01-04 |l 0 |r 2026-02-21 22:26:03 |w 2026-02-21 | ||
| 952 | |a SNK |b SNK |y PREZ |7 0 |p 17A1266066 |o snkČSB 4821/2008 D1 |i snk2017/8469 |8 0 |z Vydané v r. 2007 |0 0 |1 0 |4 0 |d 2018-01-04 |l 0 |r 2026-02-21 22:26:03 |w 2026-02-21 | ||
| 952 | |a SNK |b SNK |y PREZ |7 0 |p 17A1266067 |o snkČSB 4821/2009 |i snk2017/8730 |8 0 |z Vydané v r. 2008 |0 0 |1 0 |4 0 |d 2018-01-04 |l 0 |r 2026-02-21 22:26:03 |w 2026-02-21 | ||
| 952 | |a SNK |b SNK |y PREZ |7 0 |p 17A1266068 |o snkČSB 4821/2009 D1 |i snk2017/10249 |8 0 |z Vydané v r. 2008 |0 0 |1 0 |4 0 |d 2018-01-04 |l 0 |r 2026-02-21 22:26:03 |w 2026-02-21 | ||
| 952 | |a SNK |b SNK |y PREZ |7 0 |p 17A1266069 |o snkČSB 4821/2010 |i snk2017/13016 |8 0 |z Vydané v r. 2009 |0 0 |1 0 |4 0 |d 2018-01-04 |l 0 |r 2026-02-21 22:26:04 |w 2026-02-21 | ||
| 952 | |a SNK |b SNK |y PREZ |7 0 |p 17A1266070 |o snkČSB 4821/2010 D1 |i snk2017/13022 |8 0 |z Vydané v r. 2009 |0 0 |1 0 |4 0 |d 2018-01-04 |l 0 |r 2026-02-21 22:26:04 |w 2026-02-21 | ||
| 952 | |a SNK |b SNK |y PREZ |7 0 |p 17A1266071 |o snkČSB 4821/2011 |i snk2017/13441 |8 0 |z Vydané v r. 2010 |0 0 |1 0 |4 0 |d 2018-01-04 |l 0 |r 2026-02-21 22:26:04 |w 2026-02-21 | ||
| 952 | |a SNK |b SNK |y PREZ |7 0 |p 17A1266072 |o snkČSB 4821/2011 D1 |i snk2017/13442 |8 0 |z Vydané v r. 2010 |0 0 |1 0 |4 0 |d 2018-01-04 |l 0 |r 2026-02-21 22:26:04 |w 2026-02-21 | ||
| 952 | |a SNK |b SNK |y PREZ |7 0 |p 17A1266073 |o snkČSB 4821/2013 |i snk2017/13445 |8 0 |z Vydané v r. 2012 |0 0 |1 0 |4 0 |d 2018-01-04 |l 0 |r 2026-02-21 22:26:04 |w 2026-02-21 | ||
| 952 | |a SNK |b SNK |y PREZ |7 0 |p 17A1266074 |o snkČSB 4821/2013 D1 |i snk2017/15328 |8 0 |z Vydané v r. 2012 |0 0 |1 0 |4 0 |d 2018-01-04 |l 0 |r 2026-02-21 22:26:04 |w 2026-02-21 | ||
| 952 | |a SNK |b SNK |y PREZ |7 0 |p 17A1266075 |o snkČSB 4821/2014 |i snk2017/15862 |8 0 |z Vydané v r. 2013 |0 0 |1 0 |4 0 |d 2018-01-04 |l 0 |r 2026-02-21 22:26:04 |w 2026-02-21 | ||
| 952 | |a SNK |b SNK |y PREZ |7 0 |p 17A1266076 |o snkČSB 4821/2014 D1 |i snk2017/16046 |8 0 |z Vydané v r. 2013 |0 0 |1 0 |4 0 |d 2018-01-04 |l 0 |r 2026-02-21 22:26:04 |w 2026-02-21 | ||
| 952 | |a SNK |b SNK |y PREZ |7 0 |p 17A1266077 |o snkČSB 4821/2015 |i snk2017/16111 |8 0 |z Vydané v r. 2014 |0 0 |1 0 |4 0 |d 2018-01-04 |l 0 |r 2026-02-21 22:26:04 |w 2026-02-21 | ||
| 952 | |a SNK |b SNK |y PREZ |7 0 |p 17A1266078 |o snkČSB 4821/2015 D1 |i snk2018/121 |8 0 |z Vydané v r. 2014 |0 0 |1 0 |4 0 |d 2018-01-04 |l 0 |r 2026-02-21 22:26:04 |w 2026-02-21 | ||
| 952 | |a SNK |b SNK |y PREZ |7 0 |p 17A1266079 |o snkČSB 4821/2017 |i snk2018/124 |8 0 |z Vydané v r. 2016 |0 0 |1 0 |4 0 |d 2018-01-04 |l 0 |r 2026-02-21 22:26:04 |w 2026-02-21 | ||
| 952 | |a SNK |b SNK |y PREZ |7 0 |p 17A1266080 |o snkČSB 4821/2017 D1 |i snk2018/125 |8 0 |z Vydané v r. 2016 |0 0 |1 0 |4 0 |d 2018-01-04 |l 0 |r 2026-02-21 22:26:04 |w 2026-02-21 | ||
| 952 | |t 1 |a SNK |b SNK |y NEVYP |7 1 |p 17A1559627 |o snkČSB 4821/2026 |i snk2026/6836 |8 0 |0 0 |1 0 |2 udc |4 0 |d 2026-05-07 |l 0 |r 2026-05-07 13:29:19 |w 2026-05-07 | ||
| 952 | |t 2 |a SNK |b SNK |y NEVYP |7 1 |p 17A1559628 |o snkČSB 4821/2026 D1 |i snk2026/6837 |8 0 |0 0 |1 0 |2 udc |4 0 |d 2026-05-07 |l 0 |r 2026-05-07 13:31:00 |w 2026-05-07 | ||


